Magna urbs : letture latine per il ginnasio superiore e i corsi corrispondenti, tratte da Cesare, Cicerone, Livio, Sallustio, Ovidio, Virgilio

Salvato in:
Dettagli Bibliografici
Altri autori: Unità, Gaetano (Redattore)
Natura: Libro
Lingua:italiano
Pubblicazione: Lanciano : Carabba Giuseppe, 1934
Edizione:3. ed. riveduta e migliorata
Catalogo:EDISCO:  Risultati della ricerca del catalogo della biblioteca
Libro di testo Classificazione:
Serie:Classici latini
Soggetti:
Tags: Aggiungi Tag
Nessun Tag, puoi essere il primo ad aggiungerne!!
Aggiunto a:2016-04-30
Cambiato in:2017-10-18

MARC

LEADER 00000aam a22000001 4500
001 00513
003 OSt
005 20171018093240.0
008 160501s1934 it 000 0 ita
040 |c Antonio Parlati - L'Acquila 
041 1 |a ita 
245 0 0 |a Magna urbs :   |b letture latine per il ginnasio superiore e i corsi corrispondenti, tratte da Cesare, Cicerone, Livio, Sallustio, Ovidio, Virgilio /  |c Gaetano Unità 
250 |a 3. ed. riveduta e migliorata 
260 |a Lanciano :  |b Carabba Giuseppe,  |c 1934 
300 |a 533 p., 1/1 ;   |c in 16° 
440 |a Classici latini  |9 470 
510 3 |a 15 
650 4 |a Latino  |9 14 
655 |a Antologia  |9 32 
690 4 |a Secondaria superiore  |9 8  |x Ginnasio superiore 
700 1 |a Unità, Gaetano  |e Editor  |9 355 
901 |a 1 
942 |2 ddc  |c BK 
546 |a ita 
999 |c 503  |d 503 
999 |c edisco:503  |d 503